000
00465nam a2200181Ia 4500
008
100917s9999 xx 000 0 und d
082
_b
8065
100
_a
नांगरे बलराम
245
_a
ुफुलवंती
260
_b
---
_c
1968
300
_a
96
365
_b
4
520
_a
कादंबरी
630
_a
ुफुलवंती
650
_a
कादंबरी
730
_a
ुफुलवंती
942
_c
BOOK
999
_c
613459
_d
613456